000 00533 a2200205 4500
005 20260116154428.0
008 260114b |||||||| |||| 00| 0 eng d
020 _a9783110496284
_c£ 139.95
040 _aMAIN
082 _a615.19
_bH125S
100 _aHaider, Khawaja Husnain, ed.
245 _aStem cells-from drug to drug discovery
260 _bDe Gruyter
_c2017
_aBerlin
300 _axvii, 213
650 _aPharmacology
650 _aDrugs
650 _aDrugs Discovery
650 _aDrug Development
942 _cBK
999 _c395207
_d395207